Načítá se...
Environmental communication and the public sphere
| Hlavní autor: | |
|---|---|
| Médium: | Printed Book |
| Vydáno: |
London, Sage
2010
|
| Vydání: | 2 |
| Témata: |
| LEADER | 004640000a22001450004500 | ||
|---|---|---|---|
| 082 | |a 333.7201 COX | ||
| 100 | |a Cox, Robert |9 153954 | ||
| 245 | |a Environmental communication and the public sphere | ||
| 250 | |a 2 | ||
| 260 | |a London, Sage | ||
| 260 | |c 2010 | ||
| 650 | |a Environmental communication |9 153955 | ||
| 942 | |c BK | ||
| 999 | |c 181920 |d 181916 | ||
| 952 | |0 0 |1 0 |4 0 |6 333_720100000000000_COX |7 0 |9 180596 |a SES |b SES |d 2019-05-17 |l 0 |o 333.7201 COX |p SES05267 |r 2019-05-17 |w 2019-05-17 |y BK | ||